| 000 | 00571nam a2200181Ia 4500 | ||
|---|---|---|---|
| 003 | IN-BaIIA | ||
| 008 | 211028s9999 xx 000 0 eng d | ||
| 040 | _cIIA Library | ||
| 080 |
_a382.2 _bIND |
||
| 110 |
_aIndia. Govt. of Ministry Commere _98794 |
||
| 245 | 0 |
_aImport trade control policy for the year april 1976-march 1977 _bvol. 2 _cIndia Govt. of Ministry Commere |
|
| 260 |
_aDelhi _bController of Publications _c1976 |
||
| 300 | _aiv , 342p. | ||
| 650 |
_a Exporters _98795 |
||
| 650 |
_a Policy _98796 |
||
| 650 |
_aImpact Trade Control _98797 |
||
| 942 | _cBK | ||
| 999 |
_c4906 _d4906 |
||